|
|
|
|
| LEADER |
00000cam a2200000 c 4500 |
| 001 |
293249008 |
| 003 |
DE-627 |
| 005 |
20251222214346.0 |
| 007 |
tu |
| 008 |
980615s1998 xxu||||| 00| ||eng c |
| 010 |
|
|
|a 97019143
|
| 020 |
|
|
|a 0791436993
|9 0-7914-3699-3
|
| 020 |
|
|
|a 0791437000
|9 0-7914-3700-0
|
| 035 |
|
|
|a (DE-627)293249008
|
| 035 |
|
|
|a (DE-576)066406269
|
| 035 |
|
|
|a (DE-599)GBV293249008
|
| 035 |
|
|
|a (OCoLC)247625570
|
| 035 |
|
|
|a (JUB)b11181333
|
| 040 |
|
|
|a DE-627
|b ger
|c DE-627
|e rakwb
|
| 041 |
|
|
|a eng
|
| 044 |
|
|
|c XD-US
|
| 050 |
|
0 |
|a BL65.A4C65 1998
|
| 050 |
|
0 |
|a BL65.A4
|
| 082 |
0 |
|
|a 291.1/75
|
| 084 |
|
|
|a 9,10
|a 0
|2 ssgn
|
| 084 |
|
|
|a 11.00
|2 bkl
|
| 100 |
1 |
|
|0 (DE-627)1230603255
|0 (DE-576)160603250
|4 aut
|a Coleman, Earle J.
|
| 109 |
|
|
|a Coleman, Earle J.
|a Coleman, Earle Jerome
|
| 191 |
|
|
|a 1
|
| 245 |
1 |
0 |
|a Creativity and spirituality
|b bonds between art and religion
|c Earle J. Coleman
|
| 264 |
|
1 |
|a Albany
|b State University of New York Press
|c 1998
|
| 300 |
|
|
|a XX, 237 S.
|
| 336 |
|
|
|a Text
|b txt
|2 rdacontent
|
| 337 |
|
|
|a ohne Hilfsmittel zu benutzen
|b n
|2 rdamedia
|
| 338 |
|
|
|a Band
|b nc
|2 rdacarrier
|
| 500 |
|
|
|a Includes bibliographical references and index
|
| 505 |
8 |
|
|a Art, religion, and relations -- The perceptible, the imperceptible, and a total response -- Receptivity, omnipresence, and sui generis emotions -- The self and union -- Artistic beauty, natural beauty, and supernatural beauty -- The child-state and revelation -- Creativity -- The aesthetic versus the spiritual.
|
| 583 |
1 |
|
|a Archivierung prüfen
|c 20200919
|f DE-640
|z 3
|2 pdager
|
| 583 |
1 |
|
|a Archivierung/Langzeitarchivierung gewährleistet
|f SSG
|x XA-DE-BW
|2 pdager
|5 DE-21
|
| 583 |
1 |
|
|a Archivierung/Langzeitarchivierung gewährleistet
|f SSG
|x XA-DE-BW
|2 pdager
|5 DE-16
|
| 601 |
|
|
|a Spiritual
|
| 650 |
|
0 |
|a Art and religion
|
| 653 |
|
0 |
|a Art and religion
|
| 689 |
0 |
0 |
|d s
|0 (DE-588)4114333-4
|0 (DE-627)105822957
|0 (DE-576)209483733
|2 gnd
|a Kunst
|
| 689 |
0 |
1 |
|d s
|0 (DE-588)4049396-9
|0 (DE-627)106187155
|0 (DE-576)209081880
|2 gnd
|a Religion
|
| 689 |
0 |
|
|5 (DE-627)
|
| 787 |
0 |
8 |
|i Rezensiert in
|a Brown, Frank Burch, 1948 -
|t Creativity and Spirituality: Bonds between Art and Religion. Earle J. Coleman
|d 2000
|w (DE-627)1811623425
|
| 787 |
0 |
8 |
|i Rezensiert in
|a Arvidson, Ken
|t [Rezension von: Coleman, Earle J., Creativity and Spirituality: Bonds Between Art and Religion]
|d 2000
|w (DE-627)182430241X
|
| 889 |
|
|
|w (DE-627)229847706
|
| 935 |
|
|
|a mteo
|
| 935 |
|
|
|i mdedup
|
| 935 |
|
|
|i Blocktest
|
| 936 |
b |
k |
|a 11.00
|j Theologie
|j Religionswissenschaft: Allgemeines
|q coli-conc NSK->BK
|q https://coli-conc.gbv.de/api/mappings/f84af606-91a3-411d-b6bd-06d818fa3caf
|0 (DE-627)106415271
|
| 951 |
|
|
|a BO
|
| ELC |
|
|
|b 1
|
| ITA |
|
|
|a 1
|t 1
|
| LOK |
|
|
|0 000 xxxxxcx a22 zn 4500
|
| LOK |
|
|
|0 001 3252064499
|
| LOK |
|
|
|0 003 DE-627
|
| LOK |
|
|
|0 004 293249008
|
| LOK |
|
|
|0 005 19991105000000
|
| LOK |
|
|
|0 008 980615||||||||||||||||ger|||||||
|
| LOK |
|
|
|0 040
|a DE-21
|c DE-627
|d DE-21
|
| LOK |
|
|
|0 852
|a DE-21
|
| LOK |
|
|
|0 852 1
|c 38 A 7213
|9 00
|
| LOK |
|
|
|0 935
|a theo
|
| LOK |
|
|
|0 936ln
|a t12
|
| LOK |
|
|
|0 939
|a 15-06-98
|b l01
|
| ORI |
|
|
|a SA-MARC-ixtheoa001.raw
|
| REL |
|
|
|a 1
|
| STA |
0 |
0 |
|a Art,Art,Visual art,Religion,Religions,Religion,Religion in literature
|
| STB |
0 |
0 |
|a Art,Art,Religion,Religions,Religion
|
| STC |
0 |
0 |
|a Arte,Arte,Religión,Religión,Religión
|
| STD |
0 |
0 |
|a Arte,Arte,Religione,Religione,Religione
|
| STE |
0 |
0 |
|a 宗教,宗教,艺术
|
| STF |
0 |
0 |
|a 宗教,宗教,藝術
|
| STG |
0 |
0 |
|a Arte,Arte,Religião,Religião
|
| STH |
0 |
0 |
|a Искусство (мотив),Искусство,Религия (мотив),Религия
|
| STI |
0 |
0 |
|a Θρησκεία (μοτίβο),Θρησκεία,Τέχνη (μοτίβο),Τέχνη
|
| SUB |
|
|
|a REL
|
| SYG |
0 |
0 |
|a Bildende Kunst,Kunstdenkmal , Religion,Mystik,Mythologie
|